|
|
|
|
| LEADER |
00876nam a2200241 a 4500 |
| 001 |
c000066001 |
| 003 |
CARM |
| 005 |
00000000000000.0 |
| 008 |
s1938 enkab 00110 eng d |
| 019 |
1 |
|
|a 2323751
|5 LACONCORD2021
|
| 035 |
|
|
|a (OCoLC)6930455
|5 LACONCORD2021
|
| 040 |
|
|
|a SU
|c SU
|
| 043 |
|
|
|a e-uk-en
|
| 100 |
2 |
|
|a Brett-James, Norman G.
|q (Norman George),
|d b. 1879.
|
| 245 |
1 |
0 |
|a Mill Hill /
|c by Norman G. Brett-James.
|
| 260 |
|
|
|a London [England] :
|b Blackie,
|c 1938.
|
| 300 |
|
|
|a vi, 166 p., [8] p. of plates :
|b ill., 1 map ;
|c 20 cm.
|
| 500 |
|
|
|a Includes index.
|
| 610 |
2 |
0 |
|a Mill Hill (School)
|
| 852 |
8 |
|
|b CARM
|h A2:AM27A0
|i A02542
|p 0179976
|f BK
|
| 082 |
0 |
4 |
|a 373.421
|2 19
|
| 999 |
f |
f |
|i 8c9565ef-e4bf-5f12-9238-1da18e2b32c3
|s 7a28e59e-5420-5e2a-b696-e05e63b9283b
|
| 952 |
f |
f |
|p Can circulate
|a CAVAL
|b CAVAL
|c CAVAL
|d CARM 1 Store
|e A02542
|f A2:AM27A0
|h Other scheme
|i book
|m 0179976
|